Statistics for Can you name these animals in 15 seconds?

Click here to take the quiz!

General Stats

  • This quiz has been taken 8 times
  • The average score is 3 of 9

Answer Stats

Answer% Correct
Hedgehog
50%
Red Fox
50%
Swan
50%
Jaguar
33%
Macaw
33%
Moose
33%
Sea Turtle
33%
Starfish
33%
Deer
17%

Score Distribution

Percentile by Number Answered

Percent of People with Each Score

Your Score History

You have not taken this quiz